|
|
|
|
| LEADER |
04075nam a22004093i 4500 |
| 001 |
EBC6954150 |
| 003 |
MiAaPQ |
| 005 |
20231204023222.0 |
| 006 |
m o d | |
| 007 |
cr cnu|||||||| |
| 008 |
231204s2022 xx o ||||0 eng d |
| 020 |
|
|
|a 9780472902699
|q (electronic bk.)
|
| 020 |
|
|
|z 9780472075188
|
| 035 |
|
|
|a (MiAaPQ)EBC6954150
|
| 035 |
|
|
|a (Au-PeEL)EBL6954150
|
| 035 |
|
|
|a (OCoLC)1287256228
|
| 040 |
|
|
|a MiAaPQ
|b eng
|e rda
|e pn
|c MiAaPQ
|d MiAaPQ
|
| 050 |
|
4 |
|a JF1001
|
| 082 |
0 |
|
|a 324.7/3
|
| 100 |
1 |
|
|a Taras, David.
|
| 245 |
1 |
0 |
|a Electoral Campaigns, Media, and the New World of Digital Politics.
|
| 250 |
|
|
|a 1st ed.
|
| 264 |
|
1 |
|a Ann Arbor :
|b University of Michigan Press,
|c 2022.
|
| 264 |
|
4 |
|c Ã2022.
|
| 300 |
|
|
|a 1 online resource (331 pages)
|
| 336 |
|
|
|a text
|b txt
|2 rdacontent
|
| 337 |
|
|
|a computer
|b c
|2 rdamedia
|
| 338 |
|
|
|a online resource
|b cr
|2 rdacarrier
|
| 505 |
0 |
|
|a Intro -- Contents -- How Digital Media Has Changed Elections: An Introduction | David Taras -- Chapter 1. Owning Identity: Struggles to Align Voters during the 2020 U.S. Presidential Election | Daniel Kreiss and Shannon McGregor, University of North Carolina -- Chapter 2. Trending Politics: How the Internet Has Changed Political News Coverage | Kevin Wagner, Florida Atlantic University, and Jason Gainous,University of Louisville -- Chapter 3. Feminism, Social Media, and Political Campaigns: Justin Trudeau and Sadiq Khan | Kaitlyn Mendes, University of Western Ontario, and Diretman Dikwal-Bot, De Montfort University -- Chapter 4. A Woman's Place Is in the (U.S.) House: An Analysis of Issues Women Candidates Discussed on Twitter in the 2016 and 2018 Congressional Elections | Heather K. Evans, University of Virginia's College at Wise -- Chapter 5. Two Different Worlds: The Gap between the Interests of Voters and the Media in Canada in the 2019 Federal Election | Christopher Waddell, Carleton University -- Chapter 6. The Agenda-Building Power of Facebook and Twitter: The Case of the 2018 Italian General Election | Sara Bentivegna, University of Rome-La Sapienza, and Rita Marchetti and Anna Stanziano, University of Perugia -- Chapter 7. "Many thanks for your support": Email Populism and the People's Party of Canada | Brian Budd and Tamara A. Small, University of Guelph -- Chapter 8. Benjamin Netanyahu and Online Campaigning in Israel's 2019 and 2020 Elections | Michael Keren, University of Calgary -- Chapter 9. Stabbed Democracy: How Social Media and Home Videos Made a Populist President in Brazil | Francisco Brandao, University of Brasilia -- Chapter 10. Memes -- a New Emerging Logic:Evidence from the 2019 British General Election | Rosalynd Southern, The University of Liverpool.
|
| 505 |
8 |
|
|a Chapter 11. Populists and Social Media Campaigning in Ukraine: The Election of Volodymyr Zelensky | Larissa Doroshenko, Northeastern University -- Chapter 12. The Changing Face of Political Campaigning in Kenya | Martin Ndlela, Inland Norway University of Applied Sciences -- Chapter 13. Social Media as Strategic Campaign Tool: Austrian Political Parties Use of Social Media over Time | Uta Russmann, University of Innsbruck -- Chapter 14. Candidate, News Media, and Social Media Messaging in the Early Stages of the 2020 Democratic Presidential Primary | Chris Wells, Blake Wertz, Li Zhang, and Rebecca Auger, Boston University -- Conclusion | Richard Davis -- Contributors -- Index.
|
| 588 |
|
|
|a Description based on publisher supplied metadata and other sources.
|
| 590 |
|
|
|a Electronic reproduction. Ann Arbor, Michigan : ProQuest Ebook Central, 2023. Available via World Wide Web. Access may be limited to ProQuest Ebook Central affiliated libraries.
|
| 655 |
|
4 |
|a Electronic books.
|
| 700 |
1 |
|
|a Davis, Richard, Jr.
|
| 776 |
0 |
8 |
|i Print version:
|a Taras, David
|t Electoral Campaigns, Media, and the New World of Digital Politics
|d Ann Arbor : University of Michigan Press,c2022
|z 9780472075188
|
| 797 |
2 |
|
|a ProQuest (Firm)
|
| 856 |
4 |
0 |
|u https://ebookcentral.proquest.com/lib/matrademy/detail.action?docID=6954150
|z Click to View
|